[Event "4NCL 3 South pool A"]
[Site "Reading, ENG"]
[Date "2016.11.27"]
[Round "2.21"]
[White "Reuben, Stewart"]
[Black "Cooper, Lawrence H"]
[Result "0-1"]
[WhiteElo "2080"]
[BlackElo "2341"]
[PlyCount "60"]
[EventDate "2016.11.27"]
[WhiteTeam "MK Phoenix 1"]
[BlackTeam "Wood Green MM 1"]

1. c4 e6 2. Nc3 Bb4 3. d4 Nf6 4. Bg5 h6 5. Bh4 c5 6. e3 Bxc3+ 7. bxc3 d6 8. Bd3
e5 9. Ne2 Qe7 10. O-O g5 11. Bg3 Nbd7 12. f3 h5 13. Qc2 h4 14. Bf2 g4 15. Bf5
gxf3 16. gxf3 Nb6 17. Bxc8 Rxc8 18. d5 Qd7 19. Kh1 Nxc4 20. a4 Na5 21. c4 b6
22. Be1 Qh3 23. Bxa5 bxa5 24. Ng1 Qd7 25. Rab1 Nh5 26. Qe4 Ng3+ 27. hxg3 hxg3+
28. Kg2 f5 29. Rb7 Qxb7 30. Qxf5 Qb2+ 0-1

[Event "4NCL 3 South pool A"]
[Site "Reading, ENG"]
[Date "2016.11.27"]
[Round "2.22"]
[White "Sygnowski, Tomasz"]
[Black "Habershon, Paul F"]
[Result "1-0"]
[WhiteElo "2104"]
[BlackElo "2049"]
[PlyCount "65"]
[EventDate "2016.11.27"]
[WhiteTeam "Wood Green MM 1"]
[BlackTeam "MK Phoenix 1"]

1. e4 e6 2. d4 d5 3. e5 c5 4. Nf3 cxd4 5. Bd3 Nc6 6. O-O Nge7 7. Re1 Ng6 8.
Nbd2 Be7 9. Nf1 O-O 10. Ng3 Bd7 11. Nh5 Rc8 12. a3 Qe8 13. b4 a6 14. Bb2 Na7
15. Nxd4 Nb5 16. f4 Nxd4 17. Bxd4 Bb5 18. f5 Bxd3 19. Qxd3 exf5 20. Qxf5 Qc6
21. c3 Qe6 22. Qf3 Nh4 23. Qf2 Qg4 24. Nf4 Qd7 25. Rad1 Ng6 26. Nd3 Rc6 27. Qe2
Re8 28. Qh5 Nh4 29. e6 Rxe6 30. Rxe6 fxe6 31. Ne5 Qc8 32. Qf7+ Kh8 33. Ng6+ 1-0

[Event "4NCL 3 South pool A"]
[Site "Reading, ENG"]
[Date "2016.11.27"]
[Round "2.23"]
[White "Elwin, Adrian G"]
[Black "Manelidou, Maria"]
[Result "1/2-1/2"]
[WhiteElo "2011"]
[BlackElo "2084"]
[PlyCount "81"]
[EventDate "2016.11.27"]
[WhiteTeam "MK Phoenix 1"]
[BlackTeam "Wood Green MM 1"]

1. d4 d5 2. c4 c6 3. cxd5 cxd5 4. Nc3 Nc6 5. Nf3 Nf6 6. Bf4 Bf5 7. e3 a6 8. Bd3
Bxd3 9. Qxd3 e6 10. O-O Bb4 11. Ne5 Rc8 12. Rac1 O-O 13. Nxc6 Rxc6 14. a3 Bxc3
15. Rxc3 Qb6 16. Rb3 Qa7 17. Rc3 Rfc8 18. Rxc6 Rxc6 19. Qb3 Qa8 20. f3 Qc8 21.
Bg3 Rc4 22. Be1 Qc6 23. Qd3 Nd7 24. g4 Nb6 25. b3 Rc1 26. Bd2 Rxf1+ 27. Kxf1
Qd6 28. Ba5 Nc8 29. Qc2 Na7 30. Bb4 Qd8 31. Qc5 Nc6 32. Be1 h6 33. a4 e5 34. b4
exd4 35. b5 axb5 36. axb5 Ne7 37. Qxd4 Qd7 38. Qd3 h5 39. h3 hxg4 40. hxg4 Qd6
41. Kg2 1/2-1/2

[Event "4NCL 3 South pool A"]
[Site "Reading, ENG"]
[Date "2016.11.27"]
[Round "2.24"]
[White "Serbanescu, Diana-Maria"]
[Black "Smith, Graham"]
[Result "0-1"]
[WhiteElo "1989"]
[BlackElo "2012"]
[PlyCount "92"]
[EventDate "2016.11.27"]
[WhiteTeam "Wood Green MM 1"]
[BlackTeam "MK Phoenix 1"]

1. e4 c5 2. c3 Nf6 3. e5 Nd5 4. d4 cxd4 5. Nf3 e6 6. cxd4 d6 7. Nc3 Nxc3 8.
bxc3 Qc7 9. Qd2 dxe5 10. Nxe5 Nd7 11. Bb5 a6 12. Bxd7+ Bxd7 13. a4 Rc8 14. Nxd7
Qxd7 15. O-O Bd6 16. Ba3 O-O 17. Qd3 Rfd8 18. Bxd6 Qxd6 19. Rfd1 Qd5 20. f4 Rc4
21. f5 exf5 22. Re1 g6 23. Re5 Qc6 24. Ra3 Rxa4 25. Rxa4 Qxa4 26. Re7 Qc6 27.
Qe3 b5 28. h4 h5 29. Qe5 Qxc3 30. Re8+ Rxe8 31. Qxe8+ Kg7 32. Qe5+ Kh7 33. Qf6
Qc4 34. Qe5 Qe6 35. Qc5 Qe1+ 36. Kh2 Qxh4+ 37. Kg1 Qe1+ 38. Kh2 Qe3 39. Qa7 Kg7
40. Qd7 b4 41. d5 b3 42. Qb7 Qe5+ 43. Kh3 b2 44. d6 h4 45. Kxh4 Qh2+ 46. Kg5
Qg3# 0-1

[Event "4NCL 3 South pool A"]
[Site "Reading, ENG"]
[Date "2016.11.27"]
[Round "2.25"]
[White "Freeman, Richard C P"]
[Black "Green, Michael"]
[Result "1-0"]
[WhiteElo "2016"]
[BlackElo "1975"]
[PlyCount "151"]
[EventDate "2016.11.27"]
[WhiteTeam "MK Phoenix 1"]
[BlackTeam "Wood Green MM 1"]

1. d4 Nf6 2. Bg5 c5 3. Nc3 cxd4 4. Qxd4 Nc6 5. Qh4 e6 6. O-O-O Be7 7. Nf3 a6 8.
e4 Qc7 9. Nd4 d6 10. Be2 b5 11. Nxc6 Qxc6 12. e5 dxe5 13. Bf3 e4 14. Nxe4 Nxe4
15. Bxe4 Qc7 16. Bxa8 f6 17. Be3 O-O 18. Qg3 e5 19. Bh6 Bc5 20. Bd5+ Kh8 21.
Bxg7+ Qxg7 22. Qxg7+ Kxg7 23. Rd2 Bf5 24. g4 Bg6 25. Be6 Re8 26. Bf5 Bxf5 27.
gxf5 Re7 28. Kd1 e4 29. c3 Re5 30. Rg1+ Kh6 31. Rg4 Kh5 32. h3 Rxf5 33. Rxe4
Bxf2 34. Rd3 Bh4 35. Kc2 Bg5 36. Re2 Rc5 37. Re4 Rf5 38. a4 Rf2+ 39. Kb1 Rf5
40. axb5 axb5 41. Red4 Rf1+ 42. Ka2 f5 43. Rd5 f4 44. Rxb5 Kh4 45. Rf5 Rg1 46.
Rf3 h5 47. c4 Rg3 48. R3xf4+ Bxf4 49. Rxf4+ Kxh3 50. c5 Rg8 51. b4 Kg3 52. Rc4
h4 53. c6 h3 54. b5 h2 55. Rc1 Kf4 56. c7 Ke5 57. b6 Kd6 58. Rd1+ Kc6 59. Rd8
Rg2+ 60. Kb3 Kb5 61. b7 Rg3+ 62. Kc2 h1=Q 63. b8=Q+ Ka4 64. Qa8+ Kb4 65. Qxh1
Rc3+ 66. Kd2 Rxc7 67. Qe4+ Kb5 68. Rb8+ Kc5 69. Qe5+ Kc6 70. Qb5+ Kd6 71. Rd8+
Ke7 72. Qe8+ Kf6 73. Rd6+ Kf5 74. Qg6+ Ke5 75. Qf6+ Ke4 76. Rd4# 1-0

[Event "4NCL 3 South pool A"]
[Site "Reading, ENG"]
[Date "2016.11.27"]
[Round "2.26"]
[White "Guha, Chirag"]
[Black "Williamson, Kevin J"]
[Result "1-0"]
[WhiteElo "1922"]
[BlackElo "1959"]
[PlyCount "93"]
[EventDate "2016.11.27"]
[WhiteTeam "Wood Green MM 1"]
[BlackTeam "MK Phoenix 1"]

1. d4 Nf6 2. Bg5 h6 3. Bxf6 exf6 4. e4 d5 5. exd5 Qxd5 6. Nc3 Qa5 7. Nf3 c6 8.
Bd3 Bb4 9. O-O Bxc3 10. bxc3 O-O 11. c4 Be6 12. c5 Qc7 13. Qd2 Nd7 14. Rac1
Rad8 15. c4 Rfe8 16. h3 Nf8 17. Nh2 Ng6 18. Bxg6 fxg6 19. f4 Qf7 20. Qc3 Bf5
21. Rfe1 Rxe1+ 22. Rxe1 Be6 23. Rc1 g5 24. fxg5 hxg5 25. Nf3 g4 26. hxg4 Bxg4
27. Rf1 Qd7 28. Rd1 Qf5 29. d5 Bxf3 30. Qxf3 Qxf3 31. gxf3 cxd5 32. cxd5 Rc8
33. d6 Kf8 34. Re1 a6 35. Kf2 f5 36. Re5 g6 37. Ke3 Kf7 38. Kd4 Kf6 39. Kd5 g5
40. Re6+ Kf7 41. d7 Rd8 42. Kd6 g4 43. Re7+ Kf8 44. fxg4 fxg4 45. Re4 g3 46.
Rg4 Kf7 47. Rxg3 1-0

[Event "4NCL 3 South pool A"]
[Site "Reading, ENG"]
[Date "2016.11.27"]
[Round "2.31"]
[White "Briscoe, Chris"]
[Black "Jones, Christopher M"]
[Result "1-0"]
[WhiteElo "2206"]
[BlackElo "2119"]
[PlyCount "93"]
[EventDate "2016.11.27"]
[WhiteTeam "Surbiton"]
[BlackTeam "The Rookies"]

1. e4 e5 2. Nf3 Nc6 3. Bc4 Nf6 4. d4 exd4 5. e5 d5 6. Bb5 Ne4 7. Nxd4 Bd7 8.
Bxc6 bxc6 9. Be3 Bc5 10. Nd2 Qe7 11. Nxe4 dxe4 12. e6 fxe6 13. Qh5+ g6 14. Qe5
O-O 15. O-O-O Bd6 16. Qxe4 c5 17. Nf3 Rab8 18. c3 e5 19. Rhe1 Bf5 20. Qa4 Qg7
21. Bxc5 Bxc5 22. Qc4+ Qf7 23. Qxc5 e4 24. Ne5 Qxa2 25. Qd5+ Qxd5 26. Rxd5 Rbe8
27. Rc5 Bc8 28. f3 exf3 29. Nxf3 Rxe1+ 30. Nxe1 Rf1 31. Kd2 Rf2+ 32. Ke3 Rxb2
33. Rxc7 Bb7 34. Nd3 Rb6 35. g4 a5 36. Nc5 Rc6 37. Rxb7 Rxc5 38. Kd4 Rg5 39. h3
h5 40. gxh5 Rxh5 41. c4 Kf8 42. c5 a4 43. c6 Rh4+ 44. Kd5 Rh5+ 45. Kd6 Rxh3 46.
c7 Rd3+ 47. Ke6 1-0

[Event "4NCL 3 South pool A"]
[Site "Reading, ENG"]
[Date "2016.11.27"]
[Round "2.32"]
[White "Compton, Alistair"]
[Black "Josse, Mark"]
[Result "1/2-1/2"]
[WhiteElo "2088"]
[BlackElo "2174"]
[PlyCount "58"]
[EventDate "2016.11.27"]
[WhiteTeam "The Rookies"]
[BlackTeam "Surbiton"]

1. e4 e5 2. Nc3 Nf6 3. Bc4 Nc6 4. d3 Na5 5. Nge2 Bc5 6. Na4 Be7 7. Bb3 Nxb3 8.
axb3 d5 9. exd5 Nxd5 10. O-O O-O 11. f4 b5 12. Nac3 b4 13. Nxd5 Qxd5 14. fxe5
Bb7 15. Nf4 Qxe5 16. d4 Qd6 17. c3 f5 18. Rf2 c5 19. Be3 g5 20. Nd3 bxc3 21.
bxc3 f4 22. dxc5 Qg6 23. Bd4 Rfd8 24. Qe2 Bf8 25. Ne5 Qe4 26. Qxe4 Bxe4 27.
Rfa2 Bg7 28. Rxa7 Rxa7 29. Rxa7 Bxe5 1/2-1/2

[Event "4NCL 3 South pool A"]
[Site "Reading, ENG"]
[Date "2016.11.27"]
[Round "2.33"]
[White "Shepherd, Paul D"]
[Black "Piper, Stephen J"]
[Result "1-0"]
[WhiteElo "2072"]
[BlackElo "2076"]
[PlyCount "61"]
[EventDate "2016.11.27"]
[WhiteTeam "Surbiton"]
[BlackTeam "The Rookies"]

1. e4 g6 2. d4 Bg7 3. Nc3 d6 4. Be3 a6 5. Nf3 Nd7 6. Bd3 b5 7. O-O c5 8. dxc5
Nxc5 9. Bxc5 dxc5 10. e5 Bb7 11. Be4 Qc7 12. Qe2 Nh6 13. Nxb5 Qb6 14. Na3 Nf5
15. Nc4 Qc7 16. g4 Rg8 17. Kh1 Nd4 18. Nxd4 cxd4 19. Nd6+ Kd7 20. Nxb7 Ra7 21.
Qf3 f5 22. gxf5 Bxe5 23. Rad1 g5 24. Qb3 Rb8 25. Qe6+ Ke8 26. Bc6+ Kf8 27. Nc5
Bd6 28. Bd5 Kg7 29. Qf7+ Kh6 30. Ne6 Qa5 31. Qg7+ 1-0

[Event "4NCL 3 South pool A"]
[Site "Reading, ENG"]
[Date "2016.11.27"]
[Round "2.34"]
[White "Gibson, Christopher A"]
[Black "Singleton, Michael P F"]
[Result "1-0"]
[WhiteElo "1950"]
[BlackElo "2108"]
[PlyCount "121"]
[EventDate "2016.11.27"]
[WhiteTeam "The Rookies"]
[BlackTeam "Surbiton"]

1. e4 c5 2. c3 d5 3. exd5 Qxd5 4. d4 cxd4 5. cxd4 Nc6 6. Nf3 e5 7. Nc3 Bb4 8.
Bd2 Bxc3 9. Bxc3 e4 10. Ne5 Nxe5 11. dxe5 Ne7 12. Be2 O-O 13. O-O Be6 14. Qa4
a6 15. Qa3 Ng6 16. Rfd1 Qc6 17. Rd6 Qc8 18. Qa4 Bf5 19. g3 Re8 20. e6 Rxe6 21.
Qd4 Qf8 22. Rxe6 fxe6 23. Rd1 Kh8 24. Qb6 Qc8 25. Qd6 Qf8 26. Qc7 e5 27. Qxb7
h6 28. Bh5 Rd8 29. Rxd8 Qxd8 30. Qxa6 Qd3 31. Be2 Qb1+ 32. Kg2 Qc1 33. Qd6 Qg5
34. Bd2 e3 35. Bxe3 Be4+ 36. Kf1 Qf5 37. h4 Kh7 38. g4 Qc8 39. f3 Bb7 40. Bd3
e4 41. Bb5 Nxh4 42. Qd7 Nxf3 43. Qxc8 Bxc8 44. Bc6 Nh2+ 45. Kg2 Nxg4 46. Bxe4+
Kg8 47. Bd4 Be6 48. a4 Kf7 49. a5 Bc4 50. Bb7 Nf6 51. Bxf6 Kxf6 52. a6 Bxa6 53.
Bxa6 Ke5 54. Kf2 Kd4 55. Ke2 Kc5 56. Kd2 Kb4 57. Be2 g6 58. Bd3 g5 59. Be2 Kb3
60. Kc1 Kb4 61. Kc2 1-0

[Event "4NCL 3 South pool A"]
[Site "Reading, ENG"]
[Date "2016.11.27"]
[Round "2.35"]
[White "Fenwick, Hugh F"]
[Black "Jaszkiwskyj, Peter"]
[Result "0-1"]
[WhiteElo "1912"]
[BlackElo "1948"]
[PlyCount "60"]
[EventDate "2016.11.27"]
[WhiteTeam "Surbiton"]
[BlackTeam "The Rookies"]

1. c4 c6 2. g3 Nf6 3. Bg2 d5 4. cxd5 cxd5 5. Nf3 Nc6 6. O-O Bf5 7. Qb3 Qd7 8.
d3 e6 9. Bg5 Be7 10. Rd1 Rc8 11. Na3 a6 12. Bf4 Bg4 13. Qb6 O-O 14. h3 Bxf3 15.
exf3 Nb4 16. Qe3 Rc6 17. Be5 b5 18. Bc3 Rc7 19. Be5 Rcc8 20. f4 Rfd8 21. Bd4
Qd6 22. Bf1 Rc6 23. g4 Nd7 24. Rdc1 Rdc8 25. Rxc6 Rxc6 26. g5 Qc7 27. Qd2 Qd6
28. Be2 Rc8 29. Bc3 Nc6 30. Nc2 d4 0-1

[Event "4NCL 3 South pool A"]
[Site "Reading, ENG"]
[Date "2016.11.27"]
[Round "2.36"]
[White "Ressel, Eva"]
[Black "Ratnesan, Ranesh"]
[Result "0-1"]
[WhiteElo "1742"]
[BlackElo "1894"]
[PlyCount "58"]
[EventDate "2016.11.27"]
[WhiteTeam "The Rookies"]
[BlackTeam "Surbiton"]

1. e4 c5 2. Nc3 a6 3. f4 b5 4. Nf3 Bb7 5. d3 e6 6. Ne2 d5 7. Nd2 Nf6 8. Ng3 Nc6
9. e5 Nd7 10. Nf3 Qb6 11. Be3 d4 12. Bf2 Qa5+ 13. Qd2 Nb4 14. c3 dxc3 15. bxc3
Nd5 16. Ne4 Be7 17. Be2 O-O 18. O-O Rac8 19. c4 Qxd2 20. Nfxd2 Nxf4 21. Rfe1
Nxe5 22. cxb5 axb5 23. d4 Ned3 24. Bxd3 Nxd3 25. Reb1 Nxf2 26. Nxf2 cxd4 27.
Rxb5 Bd5 28. a4 Rc2 29. Kf1 f5 0-1

[Event "4NCL 3 South pool A"]
[Site "Reading, ENG"]
[Date "2016.11.27"]
[Round "2.41"]
[White "Ralphs, Nigel"]
[Black "Swanson, Stephen"]
[Result "1/2-1/2"]
[WhiteElo "2058"]
[BlackElo "2198"]
[PlyCount "55"]
[EventDate "2016.11.27"]
[WhiteTeam "Rhyfelwyr Essyllwg"]
[BlackTeam "Poisoned Pawns 1"]

1. e4 g6 2. d4 Bg7 3. Nc3 d6 4. Be3 a6 5. Qd2 Nd7 6. O-O-O b5 7. Kb1 Bb7 8. f3
Rc8 9. Nge2 Nb6 10. Nc1 b4 11. Nd5 Bxd5 12. exd5 Nxd5 13. Bxa6 Rb8 14. Nb3 c6
15. Bc4 Ngf6 16. Bh6 Bxh6 17. Qxh6 e6 18. Nd2 Ng8 19. Qh3 Nge7 20. Rhe1 Nf5 21.
Ne4 Kd7 22. Bb3 h5 23. g3 h4 24. Bxd5 cxd5 25. g4 Ng7 26. Nf2 Qa5 27. f4 Ra8
28. Qb3 1/2-1/2

[Event "4NCL 3 South pool A"]
[Site "Reading, ENG"]
[Date "2016.11.27"]
[Round "2.42"]
[White "Harley, Andrew D"]
[Black "Brown, Thomas"]
[Result "1/2-1/2"]
[WhiteElo "2193"]
[BlackElo "2071"]
[PlyCount "49"]
[EventDate "2016.11.27"]
[WhiteTeam "Poisoned Pawns 1"]
[BlackTeam "Rhyfelwyr Essyllwg"]

1. e4 c6 2. d4 d5 3. exd5 cxd5 4. c4 Nf6 5. Nc3 Be6 6. Nge2 dxc4 7. Nf4 Qc8 8.
d5 Bg4 9. Qa4+ Bd7 10. Qxc4 Na6 11. Be3 g6 12. Qxc8+ Rxc8 13. Bxa6 bxa6 14.
Bxa7 Rc4 15. Nfe2 Bg7 16. Bd4 O-O 17. O-O Bg4 18. f3 Bc8 19. Rad1 Bb7 20. Be5
Rc5 21. b4 Rc4 22. d6 e6 23. Rd4 Rxd4 24. Bxd4 Rd8 25. Bc5 1/2-1/2

[Event "4NCL 3 South pool A"]
[Site "Reading, ENG"]
[Date "2016.11.27"]
[Round "2.43"]
[White "Trevelyan, John"]
[Black "Clark, Kevin R"]
[Result "1/2-1/2"]
[WhiteElo "2072"]
[BlackElo "2147"]
[PlyCount "60"]
[EventDate "2016.11.27"]
[WhiteTeam "Rhyfelwyr Essyllwg"]
[BlackTeam "Poisoned Pawns 1"]

1. d4 Nf6 2. c4 e6 3. Nf3 b6 4. g3 Ba6 5. Qc2 d5 6. cxd5 exd5 7. Bg2 Nbd7 8.
O-O Bd6 9. a3 O-O 10. b4 c5 11. bxc5 bxc5 12. Nc3 Rc8 13. Qa4 cxd4 14. Qxd4 Nb6
15. Bg5 Bc5 16. Qf4 Be7 17. Rfc1 Rc4 18. Nd4 h6 19. Bxf6 Bxf6 20. e3 Qc8 21.
Nce2 Qc5 22. Rd1 Rc8 23. Qf5 Ra4 24. Nf4 Rxa3 25. Rxa3 Qxa3 26. Nxd5 Nxd5 27.
Bxd5 Rc1 28. Qh5 Rxd1+ 29. Qxd1 Bxd4 30. exd4 Qd3 1/2-1/2

[Event "4NCL 3 South pool A"]
[Site "Reading, ENG"]
[Date "2016.11.27"]
[Round "2.44"]
[White "Kemp, Paul R"]
[Black "Heaven, Peter"]
[Result "0-1"]
[WhiteElo "2088"]
[BlackElo "2047"]
[PlyCount "50"]
[EventDate "2016.11.27"]
[WhiteTeam "Poisoned Pawns 1"]
[BlackTeam "Rhyfelwyr Essyllwg"]

1. e4 e6 2. d4 d5 3. exd5 exd5 4. Bd3 Nc6 5. c3 Bd6 6. Qf3 Nf6 7. h3 Ne4 8.
Bxe4 Qe7 9. Ne2 dxe4 10. Qh5 O-O 11. Na3 Be6 12. Nb5 Bc4 13. Nxd6 Qxd6 14. b3
Bd3 15. Nf4 Nxd4 16. cxd4 Qxd4 17. Nxd3 Qxa1 18. O-O exd3 19. Ba3 Qxa2 20. Bxf8
Rxf8 21. Qd5 Qc2 22. Qxb7 Rd8 23. Qe4 Qe2 24. Qh4 Re8 25. Qa4 d2 0-1

[Event "4NCL 3 South pool A"]
[Site "Reading, ENG"]
[Date "2016.11.27"]
[Round "2.45"]
[White "Taylor, Robert Graham"]
[Black "Rosen, Daniel B"]
[Result "0-1"]
[WhiteElo "1973"]
[BlackElo "2043"]
[PlyCount "60"]
[EventDate "2016.11.27"]
[WhiteTeam "Rhyfelwyr Essyllwg"]
[BlackTeam "Poisoned Pawns 1"]

1. Nf3 d6 2. b3 e5 3. d3 Nc6 4. Bb2 Nge7 5. Nbd2 Ng6 6. e3 Be7 7. Be2 O-O 8. c3
f5 9. g3 Bf6 10. Qc2 Bd7 11. O-O-O b5 12. h4 a5 13. d4 exd4 14. Nxd4 Nxd4 15.
exd4 Ne7 16. Bf3 Ra6 17. Nf1 b4 18. c4 a4 19. Ne3 Qb8 20. Nd5 Nxd5 21. Bxd5+
Kh8 22. Rhe1 axb3 23. axb3 Ra2 24. c5 Qb5 25. Kb1 Qa5 26. Rd2 c6 27. Be6 Ra8
28. Qxf5 Ra1+ 29. Kc2 Rxe1 30. Bxd7 Qa2 0-1

[Event "4NCL 3 South pool A"]
[Site "Reading, ENG"]
[Date "2016.11.27"]
[Round "2.46"]
[White "Byway, Paul V"]
[Black "Jones, Derek"]
[Result "1-0"]
[WhiteElo "2048"]
[BlackElo "1906"]
[PlyCount "47"]
[EventDate "2016.11.27"]
[WhiteTeam "Poisoned Pawns 1"]
[BlackTeam "Rhyfelwyr Essyllwg"]

1. Nf3 Nf6 2. c4 g6 3. Nc3 Bg7 4. d4 O-O 5. e3 d5 6. Be2 dxc4 7. Bxc4 c5 8. O-O
cxd4 9. exd4 Nc6 10. h3 b6 11. Bf4 Bb7 12. a3 Rc8 13. Ba2 Na5 14. Re1 a6 15.
Qe2 e6 16. Rad1 b5 17. Ne5 Nd5 18. Bd2 Nxc3 19. Bxc3 Bd5 20. Bxd5 exd5 21. Bb4
Re8 22. Qf3 f6 23. Bxa5 Qxa5 24. Qxd5+ 1-0

[Event "4NCL 3 South pool A"]
[Site "Reading, ENG"]
[Date "2017.01.15"]
[Round "4.12"]
[White "Srebrnic, Ana"]
[Black "Girdlestone, Paul C"]
[Result "1-0"]
[WhiteElo "2181"]
[BlackElo "2118"]
[PlyCount "121"]
[EventDate "2017.01.15"]
[WhiteTeam "Wood Green MM 1"]
[BlackTeam "Brown Jack 1"]

1. Nf3 e6 2. c4 Nf6 3. Nc3 b6 4. g3 Bb7 5. Bg2 g5 6. O-O g4 7. Ne1 d5 8. d3 Be7
9. cxd5 exd5 10. Bf4 c6 11. Nc2 Qd7 12. e4 d4 13. Ne2 c5 14. b4 Nc6 15. bxc5
Bxc5 16. Bg5 Ng8 17. Nf4 Be7 18. Bxe7 Ncxe7 19. Nd5 Nxd5 20. exd5 Nf6 21. Re1+
Kf8 22. Qd2 h6 23. Qb4+ Kg7 24. Re7 Qc8 25. Qxd4 Re8 26. Rxe8 Qxe8 27. Ne3 Qd7
28. Be4 Rd8 29. Bf5 Qd6 30. Bxg4 Qc5 31. Nf5+ Kg6 32. Qf4 Nxg4 33. Qxg4+ Kf6
34. Qh4+ Kxf5 35. Qxd8 Bxd5 36. Re1 Qa5 37. Qe7 Be6 38. Re2 Qa4 39. Re1 Qxa2
40. Qd6 Qa5 41. Qf4+ Kg6 42. Qe5 Qd2 43. Qe3 Qb2 44. h4 Qb3 45. Qe4+ Kg7 46.
Qd4+ Kh7 47. g4 a5 48. g5 hxg5 49. hxg5 Qb5 50. Qf6 Qf5 51. Qxf5+ Bxf5 52. Rb1
Kg6 53. f4 Bxd3 54. Rxb6+ Kg7 55. Rd6 Bc2 56. Kf2 a4 57. Ke3 Kf8 58. Kd4 Ke7
59. Ke5 Bb1 60. Ra6 Bc2 61. Ra7+ 1-0

[Event "4NCL 3 South pool A"]
[Site "Reading, ENG"]
[Date "2017.01.15"]
[Round "4.13"]
[White "Martin, Lewis"]
[Black "Manelidou, Maria"]
[Result "0-1"]
[WhiteElo "2102"]
[BlackElo "2078"]
[PlyCount "76"]
[EventDate "2017.01.15"]
[WhiteTeam "Brown Jack 1"]
[BlackTeam "Wood Green MM 1"]

1. e4 e5 2. Nf3 Nc6 3. Bb5 a6 4. Ba4 d6 5. c3 Bd7 6. O-O g6 7. d3 Bg7 8. Re1
Nge7 9. Nbd2 O-O 10. Nf1 h6 11. d4 Kh7 12. Ng3 f5 13. exf5 Nxf5 14. d5 Nce7 15.
Bc2 Nxg3 16. hxg3 Bf5 17. Nh4 Bxc2 18. Qxc2 Qe8 19. c4 Qf7 20. Be3 b6 21. b4 a5
22. a3 Kg8 23. Rad1 axb4 24. axb4 Ra6 25. c5 bxc5 26. bxc5 g5 27. Qc4 Rfa8 28.
cxd6 cxd6 29. Nf3 Ra5 30. Qc7 Nf5 31. Bb6 Qxc7 32. Bxc7 Rc5 33. Bb6 Rb5 34. g4
Ne7 35. Bc7 Ra6 36. Bd8 Nxd5 37. Rc1 Rb8 38. Bc7 Rc8 0-1

[Event "4NCL 3 South pool A"]
[Site "Reading, ENG"]
[Date "2017.01.15"]
[Round "4.15"]
[White "Rabbitt, Michael"]
[Black "Serbanescu, Diana-Maria"]
[Result "1-0"]
[WhiteElo "2039"]
[BlackElo "1982"]
[PlyCount "69"]
[EventDate "2017.01.15"]
[WhiteTeam "Brown Jack 1"]
[BlackTeam "Wood Green MM 1"]

1. e4 d6 2. d4 Nf6 3. Nc3 e5 4. Nf3 Nbd7 5. Bc4 Be7 6. O-O O-O 7. h3 c6 8. a4
b6 9. Qe2 a6 10. Rd1 Qc7 11. Bg5 Re8 12. dxe5 Nxe5 13. Nxe5 dxe5 14. Rd2 Ra7
15. Rad1 b5 16. axb5 axb5 17. Bxb5 cxb5 18. Nxb5 Qb8 19. Nxa7 Qxa7 20. Qb5 Qb7
21. Qxe5 Bf8 22. Qf4 Rxe4 23. Qf3 Qe7 24. Bxf6 gxf6 25. Qc3 Bf5 26. Rd8 Re2 27.
Qg3+ Bg6 28. Qb8 Re1+ 29. Rxe1 Qxe1+ 30. Kh2 Qe7 31. Re8 Qc5 32. b4 Qxf2 33.
Rxf8+ Kg7 34. Rg8+ Kh6 35. Qg3 1-0

[Event "4NCL 3 South pool A"]
[Site "Reading, ENG"]
[Date "2017.01.15"]
[Round "4.16"]
[White "Green, Michael"]
[Black "Onslow, Alfie"]
[Result "1/2-1/2"]
[WhiteElo "1975"]
[BlackElo "1967"]
[PlyCount "140"]
[EventDate "2017.01.15"]
[WhiteTeam "Wood Green MM 1"]
[BlackTeam "Brown Jack 1"]

1. Nf3 c5 2. c4 Nc6 3. g3 e5 4. Nc3 g6 5. Bg2 Bg7 6. O-O Nge7 7. d3 O-O 8. Ne1
d6 9. a3 Be6 10. Nc2 d5 11. cxd5 Nxd5 12. Ne3 Nxc3 13. bxc3 Qd7 14. Rb1 Rab8
15. a4 e4 16. dxe4 Qxd1 17. Rxd1 Bxc3 18. Nd5 Be5 19. Ba3 b6 20. e3 Rfd8 21. h3
Kf8 22. Kh2 Rbc8 23. Bf1 Rd6 24. Bb5 f5 25. Nf4 Bf7 26. Rxd6 Bxd6 27. exf5 gxf5
28. Rd1 Ke7 29. Nd5+ Bxd5 30. Rxd5 Ke6 31. Bc4 Ne5 32. Ba2 Ke7 33. Bb2 Nf3+ 34.
Kg2 Ne1+ 35. Kf1 Nc2 36. Rxf5 c4 37. Ke2 Nb4 38. Bb1 c3 39. Bxc3 Rxc3 40. Rh5
a5 41. Rxh7+ Kf8 42. Bf5 Ra3 43. Be6 Rxa4 44. Rf7+ Ke8 45. Rb7 Ra1 46. Rxb6 Ke7
47. Bc4 a4 48. Rb7+ Kf8 49. Rf7+ Ke8 50. Ra7 a3 51. Kf3 Kd8 52. Be6 Be7 53.
Rd7+ Ke8 54. Rb7 Kf8 55. h4 Nc6 56. Rb6 Nb4 57. h5 a2 58. Rb8+ Kg7 59. Ra8 Bf6
60. g4 Rb1 61. Bxa2 Ra1 62. Rg8+ Kh7 63. Rg6 Bh4 64. Bg8+ Kh8 65. Bc4 Rc1 66.
Be2 Nc6 67. Re6 Rc3 68. Ke4 Bxf2 69. Kf4 Nb4 70. Kf5 Rxe3 1/2-1/2

[Event "4NCL 3 South pool A"]
[Site "Reading, ENG"]
[Date "2017.01.15"]
[Round "4.21"]
[White "Lock, Gavin R"]
[Black "Friedgood, David"]
[Result "1/2-1/2"]
[WhiteElo "2144"]
[BlackElo "2231"]
[PlyCount "80"]
[EventDate "2017.01.15"]
[WhiteTeam "Wessex"]
[BlackTeam "MK Phoenix 1"]

1. d4 Nf6 2. Bg5 c5 3. d5 d6 4. Nc3 e5 5. e4 Be7 6. Nf3 O-O 7. Be2 Na6 8. O-O
Nc7 9. a4 b6 10. Be3 Ng4 11. Bc1 f5 12. exf5 Bxf5 13. h3 Nf6 14. Nh4 Bd7 15. f4
Nfxd5 16. Nxd5 Bxh4 17. fxe5 Rxf1+ 18. Bxf1 Bc6 19. Nxc7 Qxc7 20. Qxd6 Qxd6 21.
exd6 Bg3 22. Bc4+ Kh8 23. Bb5 Bxb5 24. axb5 Bxd6 25. Be3 Be5 26. c3 Kg8 27. Re1
Bg3 28. Rd1 Re8 29. Bf2 Bxf2+ 30. Kxf2 Re7 31. Kf3 Kf7 32. Rd3 Kf6 33. c4 Kf5
34. g4+ Kf6 35. h4 Kf7 36. Kf4 Kf6 37. Rd6+ Kf7 38. Rd3 Kf6 39. Rd6+ Kf7 40.
Rd3 Kf6 1/2-1/2

[Event "4NCL 3 South pool A"]
[Site "Reading, ENG"]
[Date "2017.01.15"]
[Round "4.22"]
[White "Elwin, Adrian G"]
[Black "Gill, Oliver"]
[Result "1/2-1/2"]
[WhiteElo "2015"]
[BlackElo "2139"]
[PlyCount "39"]
[EventDate "2017.01.15"]
[WhiteTeam "MK Phoenix 1"]
[BlackTeam "Wessex"]

1. d4 d5 2. c4 Nc6 3. Nc3 Nf6 4. Nf3 Bg4 5. cxd5 Nxd5 6. e4 Nxc3 7. bxc3 e6 8.
Rb1 Rb8 9. Qa4 Bxf3 10. gxf3 Qd7 11. Bb5 Rd8 12. Bxc6 Qxc6 13. Qxc6+ bxc6 14.
Rb7 c5 15. O-O cxd4 16. cxd4 Rxd4 17. Rxc7 Rd7 18. Rc8+ Rd8 19. Rc7 Rd7 20.
Rc8+ 1/2-1/2

[Event "4NCL 3 South pool A"]
[Site "Reading, ENG"]
[Date "2017.01.15"]
[Round "4.23"]
[White "McDougall, William M"]
[Black "Fraser-Mitchell, Jeremy N"]
[Result "1/2-1/2"]
[WhiteElo "1981"]
[BlackElo "2069"]
[PlyCount "52"]
[EventDate "2017.01.15"]
[WhiteTeam "Wessex"]
[BlackTeam "MK Phoenix 1"]

1. d4 Nf6 2. c4 c5 3. d5 e5 4. Nc3 d6 5. e4 Be7 6. Nf3 O-O 7. g3 Nbd7 8. Bg2
Ne8 9. O-O g6 10. Bh6 Ng7 11. Qd2 Nf6 12. h3 Kh8 13. Ne1 Ng8 14. Bxg7+ Kxg7 15.
f4 f5 16. fxe5 dxe5 17. Nd3 Bd6 18. Rae1 Re8 19. Kh2 a6 20. a4 Nh6 21. Qf2 b6
22. a5 Bd7 23. axb6 Qxb6 24. Re2 a5 25. Rfe1 Qc7 26. Rf1 a4 1/2-1/2

[Event "4NCL 3 South pool A"]
[Site "Reading, ENG"]
[Date "2017.01.15"]
[Round "4.24"]
[White "Freeman, Richard C P"]
[Black "Pleasants, Allan J"]
[Result "1/2-1/2"]
[WhiteElo "2022"]
[BlackElo "2018"]
[PlyCount "37"]
[EventDate "2017.01.15"]
[WhiteTeam "MK Phoenix 1"]
[BlackTeam "Wessex"]

1. c4 Nf6 2. g3 g6 3. Bg2 Bg7 4. Nc3 O-O 5. e4 Nc6 6. Nge2 d6 7. O-O Nd7 8. d3
e5 9. Be3 Nc5 10. Qd2 Ne6 11. Bh6 Ncd4 12. Bxg7 Kxg7 13. Nxd4 Nxd4 14. Ne2
Nxe2+ 15. Qxe2 Qe7 16. Qd2 a5 17. b3 Bd7 18. f4 f6 19. Rf2 1/2-1/2

[Event "4NCL 3 South pool A"]
[Site "Reading, ENG"]
[Date "2017.01.15"]
[Round "4.25"]
[White "Gregory, Keith D F"]
[Black "Smith, Graham"]
[Result "1-0"]
[WhiteElo "1995"]
[BlackElo "2013"]
[PlyCount "69"]
[EventDate "2017.01.15"]
[WhiteTeam "Wessex"]
[BlackTeam "MK Phoenix 1"]

1. Nf3 f5 2. c4 Nf6 3. g3 g6 4. Bg2 Bg7 5. O-O O-O 6. Nc3 d6 7. d3 e5 8. Rb1
Nc6 9. b4 h6 10. a4 Ne7 11. b5 g5 12. Ne1 c6 13. Bd2 Be6 14. a5 a6 15. bxa6
bxa6 16. Na4 d5 17. Nb6 Ra7 18. Bb4 Re8 19. Qa4 Rc7 20. Qa3 Ng6 21. Bd6 Rf7 22.
Nf3 Bf8 23. Bxf8 Rfxf8 24. Rfc1 g4 25. Nd2 e4 26. cxd5 cxd5 27. Nb3 f4 28. Nd4
f3 29. exf3 exf3 30. Bf1 Bf7 31. Nf5 Kh7 32. Rc8 Qxc8 33. Nxc8 Rxc8 34. Qd6 Be8
35. Rb7+ 1-0